| Поле | Инд. | ПП | Название | Значение |
|---|---|---|---|---|
| Тип записи | a | |||
| Библиографический уровень | m | |||
| 001 | Контрольный номер | RU/IS/BASE/264548344 | ||
| 005 | Дата корректировки | 20250529164550.3 | ||
| 008 | Кодируемые данные | 19971211 | ||
| 040 | 00 | e | Правила каталог. | Л.М. 971211 |
| 084 | a | Индекс другой классификации/Индекс ББК | 84(4Вел)6-44я43 | |
| 090 | 00 | a | Полочн. индекс | 84(4Вел)6-44я43 |
| x | Авторский знак | О-11 | ||
| 097 | 00 | a | 210 | |
| 245 | 00 | a | Заглавие | О дивный новый мир: Английская антиутопия |
| b | Продолж. заглавия | романы: сборник | ||
| c | Ответственность | перевод с английского Е. Пригожиной, М. Шишмаревой, Э. Пименовой [и др.]; составитель, предисловие А. П. Шишкина; редактор Т. В. Чугунов; художник К. В. Победин | ||
| n | Номер части/ раздела | Вып.1 | ||
| 260 | 00 | a | Место издания | Москва |
| b | Издательство | Прогресс | ||
| c | Дата издания | 1990 | ||
| 300 | 00 | a | Объем | 640 с. |
| b | Иллюстрации/ тип воспроизводства | ил. | ||
| 336 | a | Термин вида содержания | Текст | |
| 337 | a | Термин типа средства | непосредственный | |
| 440 | 00 | a | Серия | Утопия и антиутопия XX века |
| 504 | a | Библиография | Коммент.: с. 618-638 | |
| 505 | 0_ | a | Форматированное содержание | Машина останавливается |
| b | Автор | Форстер М. | ||
| 505 | 0_ | a | Форматированное содержание | О дивный новый мир |
| b | Автор | Хаксли О. | ||
| 505 | 0_ | a | Форматированное содержание | Обезьяна и сущность |
| b | Автор | Хаксли О. | ||
| 505 | 0_ | a | Форматированное содержание | Спящий пробуждается |
| b | Автор | Уэллс Г. | ||
| 650 | 04 | a | Основная рубрика | художественная литература |
| 653 | 00 | a | Ключевые слова | XX век |
| a | Ключевые слова | английская литература | ||
| a | Ключевые слова | Великобритания | ||
| 655 | 00 | a | Жанр/ форма (устаревшее) | проза |
| a | Жанр/ форма (устаревшее) | роман | ||
| a | Жанр/ форма (устаревшее) | антиутопия | ||
| 700 | 12 | a | Автор | Форстер Э. М. |
| q | Полное имя | Форстер Эдвард Морган | ||
| 700 | 12 | a | Автор | Уэллс Г. Дж. |
| q | Полное имя | Уэллс Герберт Джордж | ||
| 700 | 12 | a | Автор | Хаксли О. |
| q | Полное имя | Хаксли Олдос | ||
| 700 | 12 | a | Автор | Шишкин А. П. |
| e | Роль лиц | составитель; автор предисловия | ||
| 700 | 12 | a | Автор | Пригожина Г. |
| e | Роль лиц | переводчик | ||
| 700 | 12 | a | Автор | Шишмарева М. |
| e | Роль лиц | переводчик | ||
| 700 | 12 | a | Автор | Пименова Э. |
| e | Роль лиц | переводчик | ||
| 700 | 12 | a | Автор | Сороки О. |
| e | Роль лиц | переводчик | ||
| 700 | 12 | a | Автор | Русецкий И. |
| e | Роль лиц | переводчик | ||
| 700 | 12 | a | Автор | Чугунова Т. В. |
| e | Роль лиц | редактор | ||
| 700 | 12 | a | Автор | Победин К. В. |
| e | Роль лиц | художник | ||
| 901 | t | Тип документа | m | |
| 952 | a | Тип литературы для КСУ ВШ | ЛХИ |